| 000 | 00529 a2200181 4500 | ||
|---|---|---|---|
| 999 |
_c4139 _d4139 |
||
| 020 | _a9780755328697 | ||
| 050 | _aPR6053 COL 2009 | ||
| 100 |
_aCole, Martina _eauthor |
||
| 245 |
_aHard Girls/ _cMartina Cole |
||
| 264 |
_aLondon _bHeadline Publishing Group _c2009 |
||
| 300 | _a439p. : | ||
| 500 | _aNovel | ||
| 650 | _aBurrows, Kate (Fictitious character) -- Fiction. | ||
| 650 | _aPolice -- England -- Fiction. | ||
| 650 | _aProstitutes -- Crimes against -- Fiction. | ||
| 651 | _aEngland | ||
| 942 |
_2lcc _cBK _h6053 _iCOL _kPR |
||